LIBRARY & INFORMATION CENTRE, KCAET, TAVANUR

ONLINE PUBLIC ACCESS CATALOGUE (OPAC)

Biogas Technology (Record no. 16305)

MARC details
000 -LEADER
fixed length control field 00362nam a22001457a 4500
003 - CONTROL NUMBER IDENTIFIER
control field OSt
008 - FIXED-LENGTH DATA ELEMENTS--GENERAL INFORMATION
fixed length control field 200820b ||||| |||| 00| 0 eng d
020 ## - INTERNATIONAL STANDARD BOOK NUMBER
ISBN 9788122413809
082 ## - DEWEY DECIMAL CLASSIFICATION NUMBER
Classification number 665.776
Item number NIJ/BI
100 ## - MAIN ENTRY--AUTHOR NAME
Personal name Nijaguna, B.T.
245 ## - TITLE STATEMENT
Title Biogas Technology
260 ## - PUBLICATION, DISTRIBUTION, ETC. (IMPRINT)
Place of publication New Delhi
Name of publisher New Age International Publishers
Year of publication 2009
300 ## - PHYSICAL DESCRIPTION
Number of Pages 287
942 ## - ADDED ENTRY ELEMENTS (KOHA)
Koha item type Books
Holdings
Withdrawn status Lost status Damaged status Collection code Home library Current library Shelving location Date acquired Source of acquisition Cost, normal purchase price Full call number Accession Number Koha item type
      General Books KAUAET KAUAET Scheme 27/07/2020 Aman Book stall 250.00 665.776 NIJ/BI BB 587 Book Bank scheme for SC students
      General Books KAUAET KAUAET Scheme 27/07/2020 Aman Book stall 250.00 665.776 NIJ/BI BB 588 Book Bank scheme for SC students
      General Books KAUAET KAUAET General Stacks 25/03/2023 eedeeyou, Manjeri   665.776 NIJ/BI 26191 Books
free website counter